000 00977nam a2200325 a 4500
001 22440
003 SK-KTurca
005 20260328115925.0
008 240226s2000 xo ra slo
015 _aSNBA2001/04-01305
020 _a8071185612
035 _aSNK000362642
035 _aurn:nbn:sk:snk-amk3gl
035 _aurn:nbn:sk:snk-am0058m1
035 _aD503B03B-7847-44CF-9B3C-05BF65BA1E51
040 _aSNK
_bslo
_aSNK
_eAACR2
041 1 _aslo
_heng
044 _axo
_cSK
080 _a821.111(73)-31
_22011
100 1 _aSmall, Bertrice,
_d1937-2015
_4aut
240 1 0 _aAdora
_lSlovensky
245 1 0 _aAdora
_cBertrice Smallová ; [z anglického originálu Adora ... preložila Jana Seichertová]
260 _aBratislava
_bIkar
_c2000
300 _a350 s.
_c21 cm
655 7 _aamerické romány
_2SNKPH
655 7 _aľúbostné romány
_2SNKPH
655 7 _ahistorické romány
_2SNKPH
700 1 _aSeichertová, Jana
_4trl
942 _2ddc
_cKLDO
_n0
999 _c22440
_d22440